000 01131nam a22002537a 4500
005 20170124103057.0
010 _aB-065547
020 _c275.00
035 _aB-065547
037 _bCen Lib/Ret
040 _aDPL
_bHN
082 _a823.08
_bआधुनि
245 _aआधुनिक हिंदी कहानी /
_cसंपादक गंगाप्रसाद विमल
246 _aAdhunik hindi kahani /
_bsampadak Gangaprasad Vimal
260 _aदिल्ली
_bग्रंथलोक
_c2002
270 _a1/11244-सी, निकट कीर्ति मन्दिर, सुभाष पार्क, नवीन शाहदरा
_bदिल्ली
_e110032
300 _a256पृ.
_c20सेमी(सजिल्द)
650 _aहिन्दी साहित्य
_975386
650 _aहिन्दी -- आधुनिक कहानी
_92130
650 _aHindi literature
_975387
650 _aHindi -- Modern Story
_975388
700 _aगंगाप्रसाद विमल
_944829
942 _2ddc
_cHN
_h823.08
_mआधुनि
999 _c117556
_d117556